Divadlo svět : Brno - hlavní město grafického designu 41 : divadelní plakáty členů Sdružení Bienále Brno = Theatre world : Brno - the capital of graphic design 41 : playbills by the Brno Biennale Association members : [38 grafiků z 15 zemí] : 21.9.-10.11.2007, Galerie HaDivadlo Brno /

Korporativní autor: Sdružení Bienále Brno
Další autoři: Rajlich, Jan, 1950-, Galerie HaDivadlo (Brno, Česko)
Jazyk: Čeština
Vydáno: Brno : Sdružení Bienále Brno, 2007
Témata:
Fyzický popis: [17] s. : il. (převážně barev.) ; 30 cm
Knihy
Uloženo v:
LEADER 01821nam a2200433 a 4500
001 nkc20071761677
003 CZ PrNK
005 20101216160649.0
007 ta
008 071113s2007 xr a e c 000 0dcze
015 |a cnb001761677 
020 |a 978-80-86830-04-9  |q (brož.) 
035 |a (OCoLC)190754113 
040 |a ABA001  |b cze 
045 |a y0y0 
072 7 |a 76  |x Grafické umění. Grafika  |2 Konspekt  |9 21 
080 |a 659.133.1:792  |2 MRF 
080 |a 766:655  |2 MRF 
080 |a (083.824)  |2 MRF 
245 0 0 |a Divadlo svět :  |b Brno - hlavní město grafického designu 41 : divadelní plakáty členů Sdružení Bienále Brno = Theatre world : Brno - the capital of graphic design 41 : playbills by the Brno Biennale Association members : [38 grafiků z 15 zemí] : 21.9.-10.11.2007, Galerie HaDivadlo Brno /  |c [výstavu pořádá Sdružení Bienále Brno ; texty Jan Rajlich ml.] 
246 3 1 |a Theatre world 
260 |a Brno :  |b Sdružení Bienále Brno,  |c 2007 
300 |a [17] s. :  |b il. (převážně barev.) ;  |c 30 cm 
500 |a Název z obálky 
648 7 |a 21. století  |7 ch460559  |2 czenas 
650 0 7 |a divadelní plakáty  |7 ph119505  |y 21. stol.  |2 czenas 
650 0 7 |a grafický design  |7 ph116550  |y 21. stol.  |2 czenas 
650 0 9 |a theatrical posters  |y 21st century  |2 eczenas 
650 0 9 |a graphic design  |y 21st century  |2 eczenas 
655 7 |a katalogy výstav  |7 fd132536  |2 czenas 
655 9 |a exhibition catalogs  |2 eczenas 
700 1 |a Rajlich, Jan,  |d 1950-  |7 jn20000402098  |4 wfw 
710 2 |a Sdružení Bienále Brno  |7 kn20040317008 
710 2 |a Galerie HaDivadlo (Brno, Česko)  |7 kn20071113008 
910 2 |a BOA001  |b 4-1254.260 
990 |a BK 
995 |a 01 
991 |b 201012  |e n 
996 6 |b 2610456083  |c 4-1254.260  |l MZK  |r Sklad / do 1 hodiny  |n 4  |p p.v.  |w 001160728  |u 000010  |a 1  |e BOA001  |j MZK50  |s P